Normal view
MARC view
- تردد-خجل-خوف-علم نفس
Entry Topical Term
001 - CONTROL NUMBER
- control field: 36790
003 - CONTROL NUMBER IDENTIFIER
- control field: JO-AjAnu
005 - DATE AND TIME OF LATEST TRANSACTION
- control field: 20230606080135.0
008 - FIXED-LENGTH DATA ELEMENTS
- fixed length control field: 230606|| aca||aabn | a|a d
040 ## - CATALOGING SOURCE
- Original cataloging agency: JO-AjAnu
- Transcribing agency: JO-AjAnu
150 ## - HEADING--TOPICAL TERM
- Topical term or geographic name entry element: تردد-خجل-خوف-علم نفس
670 ## - SOURCE DATA FOUND
- Source citation: Work cat.: (JO-AjAnu)18884: عبد المسيح، شوقي, author 36789, دوافع التردد والخجل والخوف